000 00500nam a2200181Ia 4500
001 18651
005 20260306171646.0
008 260306s9999||||xx |||||||||||||| ||und||
041 _aESP
082 _a658.40936
_bA49
100 _aÁlvarez del Blanco, Roberto
_eAUT
245 0 _aTú marca personal:
_bgestiona tu vida con talento y conviértela en una experiencia única
260 _c2008
300 _a310 páginas :
_c21 cm.
650 _aGEN
654 _aCAN
942 _cLIB
_dJUS
_fJUS
_2ddc
_n
999 _c18651
_d18651